[Event "II Weekend"]
[Site "Lesa ITA"]
[Date "2013.09.22"]
[Round "4"]
[White "Zlatin, Alexander"]
[Black "Brioschi, Camillo"]
[WhiteElo "1884"]
[BlackElo "1753"]
[Result "1-0"]
[PlyCount "133"]
[EventDate "2013.09.20"]

1. e4 e5 2. Nf3 Nc6 3. Bc4 Nf6 4. d3 Be7 5. c3 d6 6. Nbd2 O-O 7. Bb3 Na5 8. Bc2
c5 9. h3 Nc6 10. Nf1 Re8 11. Ng3 g6 12. O-O Bf8 13. Re1 h6 14. Be3 Bg7 15. Qd2
Kh7 16. Rad1 Be6 17. Qc1 Qc7 18. Bb1 Rac8 19. d4 cxd4 20. cxd4 d5 21. dxe5 Nxe5
22. Qxc7 Nxf3+ 23. gxf3 Rxc7 24. Bf4 Rd7 25. e5 Ng8 26. h4 Kh8 27. Ne2 Ne7 28.
Nd4 Nc6 29. Bg3 Nxd4 30. Rxd4 Rc7 31. f4 Rc4 32. Red1 Rxd4 33. Rxd4 Rc8 34. Rd1
Bf8 35. f3 Rc4 36. Kg2 Bc5 37. h5 Kg7 38. hxg6 fxg6 39. b3 Rd4 40. Rxd4 Bxd4
41. Bh4 Be3 42. Bg3 Bf5 43. Bxf5 gxf5 44. Kf1 h5 45. Ke2 h4 46. Bxh4 Bxf4 47.
e6 Be5 48. Ke3 Kf8 49. a4 a6 50. Bg5 f4+ 51. Ke2 Kg7 52. Kf1 Kf8 53. Kg2 Ke8
54. Kh3 d4 55. Kg2 d3 56. Kf1 Bc3 57. Bh4 Bd2 58. Be1 Bxe1 59. Kxe1 Ke7 60. Kd2
Kxe6 61. Kxd3 Kd5 62. a5 Ke5 63. Kc4 Ke6 64. Kd4 Kf5 65. Kd5 Kf6 66. Ke4 Kg5
67. Ke5 1-0

[Event "II Weekend"]
[Site "Lesa ITA"]
[Date "2013.09.22"]
[Round "5"]
[White "Angelini, Marco"]
[Black "Bargeri, Ludovico"]
[WhiteElo "2267"]
[BlackElo "2066"]
[Result "1/2-1/2"]
[PlyCount "67"]
[EventDate "2013.09.20"]

1. e4 e6 2. Nf3 d5 3. Nc3 Nf6 4. e5 Nfd7 5. d4 c5 6. dxc5 Nc6 7. Bf4 Bxc5 8.
Bd3 f6 9. exf6 Nxf6 10. Qe2 O-O 11. O-O-O a6 12. Ne5 Bd6 13. Rhe1 Qc7 14. Rd2
b5 15. Kb1 b4 16. Nd1 a5 17. Bg3 a4 18. Nxc6 Qxc6 19. Bxd6 Qxd6 20. Qe5 Qxe5
21. Rxe5 Re8 22. f3 Nd7 23. Re1 Nc5 24. Bb5 Rd8 25. Nf2 Ba6 26. Bxa6 Rxa6 27.
Ng4 Rc8 28. Ne5 Rc7 29. Rc1 Nd7 30. Nxd7 Rxd7 31. c4 bxc3 32. Rxc3 Rb7 33. Rd4
Kf7 34. f4 1/2-1/2

[Event "II Weekend"]
[Site "Lesa ITA"]
[Date "2013.09.22"]
[Round "5"]
[White "Borin, Fabio"]
[Black "Naumkin, Igor"]
[WhiteElo "2103"]
[BlackElo "2461"]
[Result "1/2-1/2"]
[PlyCount "66"]
[EventDate "2013.09.20"]

1. e4 e6 2. d4 d5 3. Nc3 Nf6 4. e5 Nfd7 5. Nf3 c5 6. dxc5 Nc6 7. Bf4 Bxc5 8.
Bd3 f6 9. exf6 Nxf6 10. O-O O-O 11. Qd2 a6 12. Rae1 Nh5 13. Bg3 Nxg3 14. hxg3
Qf6 15. Qg5 Bd7 16. Qh5 g6 17. Qh6 Rae8 18. Ng5 Qg7 19. Qh4 b5 20. Nf3 b4 21.
Nd1 Bc8 22. c4 Be7 23. Qh2 Nd4 24. Ne5 Bd6 25. f4 Bb7 26. Nf2 Bc5 27. Kh1 Nf5
28. Nfg4 h5 29. Bxf5 exf5 30. Ne3 dxc4 31. N3xc4 Rd8 32. Rc1 Rd5 33. Rfe1 Rfd8
1/2-1/2

[Event "II Weekend"]
[Site "Lesa ITA"]
[Date "2013.09.22"]
[Round "5"]
[White "Cantoro, Daniele"]
[Black "Mantovan, Giuseppe"]
[WhiteElo "2124"]
[BlackElo "1829"]
[Result "1-0"]
[PlyCount "83"]
[EventDate "2013.09.20"]

1. e4 e6 2. Qe2 c5 3. Nf3 Nc6 4. g3 Nge7 5. Bg2 Ng6 6. c3 Qb6 7. O-O Be7 8. h4
d6 9. h5 Nge5 10. Nxe5 dxe5 11. d3 h6 12. Be3 Qc7 13. Qg4 Kf8 14. a3 b6 15. b4
Qd8 16. b5 Na5 17. Qe2 Bg5 18. f4 exf4 19. gxf4 Be7 20. Nd2 Bd7 21. a4 Rc8 22.
Nc4 Nxc4 23. dxc4 Qe8 24. a5 f6 25. axb6 axb6 26. e5 f5 27. Ra7 g5 28. hxg6 Rg8
29. Rd1 Rd8 30. Qf3 Bc8 31. Rxd8 Qxd8 32. Qh5 Rg7 33. Ra8 Qc7 34. Qf3 Bd8 35.
Qc6 Qxc6 36. Bxc6 Rxg6+ 37. Kf1 h5 38. Rxc8 Ke7 39. Rb8 h4 40. Rb7+ Kf8 41. Rh7
Kg8 42. Rd7 1-0

[Event "II Weekend"]
[Site "Lesa ITA"]
[Date "2013.09.22"]
[Round "5"]
[White "Cova, Ennio"]
[Black "Nai, Giovanni"]
[WhiteElo "1664"]
[BlackElo "1827"]
[Result "0-1"]
[PlyCount "78"]
[EventDate "2013.09.20"]

1. Nf3 d5 2. d4 Nf6 3. g3 Bf5 4. c4 c6 5. Nc3 e6 6. Bg2 Bb4 7. O-O Nbd7 8. Qb3
Bxc3 9. bxc3 Qc8 10. Ba3 Ne4 11. cxd5 exd5 12. Rac1 b5 13. Rfd1 a5 14. Nh4 Be6
15. Nf3 Nb6 16. Ne5 f6 17. Nd3 Nc4 18. Bc5 Ned6 19. Bxd6 Nxd6 20. Nf4 O-O 21.
Nxe6 Qxe6 22. e4 Nxe4 23. Bxe4 Qxe4 24. Re1 Qg6 25. Re7 Rfe8 26. Rce1 Rxe7 27.
Rxe7 Re8 28. Qa3 Rxe7 29. Qxe7 Qe4 30. Qxe4 dxe4 31. g4 Kf7 32. Kg2 g5 33. f4
Ke6 34. fxg5 fxg5 35. h4 h6 36. h5 Kd6 37. Kf2 c5 38. Ke3 cxd4+ 39. cxd4 b4 0-1

[Event "II Weekend"]
[Site "Lesa ITA"]
[Date "2013.09.22"]
[Round "5"]
[White "Fattorelli, Luciano"]
[Black "Cacciola, Alfredo"]
[WhiteElo "1928"]
[BlackElo "2109"]
[Result "0-1"]
[PlyCount "48"]
[EventDate "2013.09.20"]

1. c4 Nf6 2. Nc3 g6 3. d4 Bg7 4. g3 O-O 5. Bg2 d6 6. Nf3 Nc6 7. d5 Na5 8. Qd3
c5 9. O-O a6 10. Rb1 Rb8 11. b4 cxb4 12. Rxb4 Nd7 13. Be3 Qc7 14. Bd4 Bxd4 15.
Nxd4 Ne5 16. Qb1 Nexc4 17. Rc1 Bd7 18. a4 Rfc8 19. e4 Qd8 20. h3 Rc5 21. Qa2
Rbc8 22. Nb3 Nxb3 23. Rxb3 Ne5 24. Ra3 R8c7 0-1

[Event "II Weekend"]
[Site "Lesa ITA"]
[Date "2013.09.22"]
[Round "5"]
[White "Floris, Federico"]
[Black "Buzio, Alberto"]
[WhiteElo "1854"]
[BlackElo "1851"]
[Result "1/2-1/2"]
[PlyCount "30"]
[EventDate "2013.09.20"]

1. e4 c5 2. c3 d5 3. exd5 Qxd5 4. d4 Nc6 5. Nf3 Bg4 6. Be2 e6 7. h3 Bf5 8. O-O
Nf6 9. Bf4 Qd7 10. Ne5 Nxe5 11. dxe5 Nd5 12. Bg3 Be7 13. c4 Nb6 14. Nc3 Qxd1
15. Raxd1 a6 1/2-1/2

[Event "II Weekend"]
[Site "Lesa ITA"]
[Date "2013.09.22"]
[Round "5"]
[White "Giovarruscio, Gabriele"]
[Black "Gardi, Giuseppe"]
[WhiteElo "1691"]
[BlackElo "1999"]
[Result "0-1"]
[PlyCount "82"]
[EventDate "2013.09.20"]

1. c4 d6 2. g3 g6 3. Bg2 Bg7 4. Nc3 e5 5. d3 Nc6 6. Nf3 Nge7 7. O-O O-O 8. e4
Bd7 9. Be3 Qc8 10. Nd5 Nxd5 11. cxd5 Nd4 12. Nxd4 exd4 13. Bd2 Bh3 14. Bxh3
Qxh3 15. Rc1 Qd7 16. Qc2 Rac8 17. f4 f5 18. Qb3 fxe4 19. dxe4 Kh8 20. Rc2 Rfe8
21. Qd3 c6 22. dxc6 bxc6 23. Bc1 c5 24. b3 a5 25. Kg2 a4 26. Rc4 axb3 27. axb3
Qb7 28. Rf3 Rxe4 29. Kf1 Rce8 30. Bd2 Re3 31. Rxe3 Qh1+ 32. Ke2 Qxh2+ 33. Kd1
dxe3 34. Bxe3 Qxg3 35. Kd2 Qg2+ 36. Ke1 h5 37. Rc2 Rxe3+ 38. Qxe3 Qxc2 39. Qe6
Qc1+ 40. Ke2 Qxf4 41. Qxg6 Qg4+ 0-1

[Event "II Weekend"]
[Site "Lesa ITA"]
[Date "2013.09.22"]
[Round "5"]
[White "Gori, Andrea"]
[Black "Zlatin, Alexander"]
[WhiteElo "2076"]
[BlackElo "1884"]
[Result "1-0"]
[PlyCount "109"]
[EventDate "2013.09.20"]

1. e4 e5 2. Nf3 Nc6 3. Bb5 a6 4. Ba4 Nf6 5. O-O b5 6. Bb3 Bc5 7. d3 d6 8. c3
O-O 9. Nbd2 Bb6 10. Re1 Ne7 11. Nf1 Ng6 12. Ng3 Bg4 13. h3 Bd7 14. Bg5 h6 15.
Be3 Ba7 16. Qd2 Kh7 17. Kh2 Ng8 18. a4 Bxe3 19. fxe3 Nh4 20. Rf1 Nxf3+ 21. Rxf3
Nf6 22. Qf2 Qe7 23. Nf5 Bxf5 24. Rxf5 c6 25. g4 Kg8 26. Rg1 Nh7 27. g5 Nxg5 28.
h4 Ne6 29. d4 Rab8 30. axb5 exd4 31. exd4 axb5 32. e5 d5 33. Rh5 Kh8 34. Qe3 f5
35. Bc2 Rf7 36. Bxf5 Rxf5 37. Rxf5 Qxh4+ 38. Qh3 Qxh3+ 39. Kxh3 Ng5+ 40. Kg4
Kg8 41. Rxg5 hxg5 42. Kf5 Kf7 43. e6+ Ke8 44. Rxg5 Rb7 45. Ke5 b4 46. Kd6 bxc3
47. bxc3 Re7 48. Rg1 Kf8 49. Rf1+ Ke8 50. Ra1 Kf8 51. Ra8+ Re8 52. Rxe8+ Kxe8
53. Kxc6 g5 54. Kxd5 g4 55. Ke4 1-0

[Event "II Weekend"]
[Site "Lesa ITA"]
[Date "2013.09.22"]
[Round "5"]
[White "Paleologu, Vladimir"]
[Black "Montilli, Vincenzo"]
[WhiteElo "2151"]
[BlackElo "2023"]
[Result "1-0"]
[PlyCount "57"]
[EventDate "2013.09.20"]

1. e4 c5 2. Nf3 d6 3. d4 cxd4 4. Nxd4 Nf6 5. Nc3 a6 6. g3 Nc6 7. Bg2 Bd7 8. O-O
g6 9. Nd5 Bg7 10. Be3 Nxd5 11. exd5 Ne5 12. b3 Ng4 13. Bc1 O-O 14. Bb2 Rc8 15.
c4 Nf6 16. Re1 Re8 17. Qd3 h5 18. h3 Kh7 19. Re2 Ng8 20. Rae1 Bf6 21. Kh2 Nh6
22. Be4 Qa5 23. Bc3 Qc7 24. Kg2 Ng8 25. Bf3 Kg7 26. g4 hxg4 27. hxg4 Be5 28.
Rh1 Nf6 29. Qe3 1-0

[Event "II Weekend"]
[Site "Lesa ITA"]
[Date "2013.09.22"]
[Round "5"]
[White "Paniga, Danilo"]
[Black "Raineri, Valerio"]
[WhiteElo "1852"]
[BlackElo "2125"]
[Result "0-1"]
[PlyCount "94"]
[EventDate "2013.09.20"]

1. d4 Nf6 2. Nf3 g6 3. Nbd2 Bg7 4. e4 d6 5. Bd3 O-O 6. O-O Nfd7 7. Re1 e5 8.
dxe5 dxe5 9. c3 Nc5 10. Bf1 Nd3 11. Bxd3 Qxd3 12. Re3 Qd6 13. Qc2 Qe7 14. a4 f5
15. b4 f4 16. Re1 Be6 17. b5 Rf7 18. Ba3 Qf6 19. Nb3 g5 20. Nc5 Bc8 21. Nd2 b6
22. Nd3 Be6 23. f3 Nd7 24. Nf2 Bf8 25. Bxf8 Raxf8 26. Ng4 Qg6 27. h3 h5 28. Nh2
Rg7 29. Re2 g4 30. fxg4 hxg4 31. Nxg4 Bxg4 32. hxg4 Nf6 33. Qb3+ Kh8 34. Qe6
Qxg4 35. Qxg4 Nxg4 36. Nf3 Rd8 37. Rd2 Rxd2 38. Nxd2 Ne3 39. Nf3 Rxg2+ 40. Kh1
Rg3 41. Nxe5 f3 42. Kh2 Rg2+ 43. Kh1 f2 44. Rf1 Kg7 45. Nd3 Rg3 46. Rxf2 Ng4
47. Rd2 Rxd3 0-1

[Event "II Weekend"]
[Site "Lesa ITA"]
[Date "2013.09.22"]
[Round "5"]
[White "Sirena, Gianni"]
[Black "Boschetti, Claudio"]
[WhiteElo "2013"]
[BlackElo "2152"]
[Result "0-1"]
[PlyCount "36"]
[EventDate "2013.09.20"]

1. e4 e5 2. f4 exf4 3. Nf3 d5 4. exd5 Bd6 5. d4 Nf6 6. c4 O-O 7. Be2 Re8 8. O-O
Bg4 9. Kh1 Nbd7 10. Ne5 Bxe2 11. Qxe2 Bxe5 12. dxe5 Nxe5 13. b3 g5 14. Bb2 Nfg4
15. Qd2 Qd6 16. Nc3 Qh6 17. h3 Ne3 18. Rfe1 g4 0-1

[Event "II Weekend"]
[Site "Lesa ITA"]
[Date "2013.09.22"]
[Round "5"]
[White "Tortorella, Giancarlo"]
[Black "Gemelli, Giovanni"]
[WhiteElo "1853"]
[BlackElo "1854"]
[Result "0-1"]
[PlyCount "102"]
[EventDate "2013.09.20"]

1. e4 c5 2. Nf3 Nc6 3. Bb5 d6 4. h3 Bd7 5. c3 Nf6 6. d3 e6 7. Ba4 Be7 8. O-O
O-O 9. Re1 Rc8 10. Bf4 a6 11. d4 cxd4 12. cxd4 b5 13. Bb3 Na5 14. Bc2 h6 15.
Nbd2 Nh7 16. Rc1 Qb6 17. Nf1 b4 18. e5 Bb5 19. b3 dxe5 20. dxe5 Rfd8 21. Bxh7+
Kxh7 22. Rxc8 Rxd1 23. Rxd1 Nc6 24. Rd7 Na7 25. Be3 Bxd7 26. Bxb6 Nxc8 27. Bd4
Bd8 28. N3d2 Bb6 29. Bxb6 Nxb6 30. Ne3 Bc6 31. Kf1 Kg6 32. g3 Nd5 33. Nxd5 Bxd5
34. Ke2 Kf5 35. f4 Bg2 36. h4 Bd5 37. Ke3 Kg4 38. Kf2 Kf5 39. Ke2 Kg4 40. Nf1
Bg2 41. Ne3+ Kxg3 42. f5 Bf3+ 43. Kd3 Kf4 44. fxe6 fxe6 45. Kd4 Be4 46. Nc4 g5
47. Nd2 Bd5 48. Nc4 Bxc4 49. bxc4 g4 50. c5 g3 51. c6 g2 0-1

[Event "XXXIV Moglianoscacchi A"]
[Site "Mogliano Veneto ITA"]
[Date "2013.04.25"]
[Round "1"]
[White "Balzano, Filli"]
[Black "Vianello, Enrico"]
[WhiteElo "1944"]
[BlackElo "2146"]
[Result "1/2-1/2"]
[PlyCount "127"]
[EventDate "2013.04.25"]

1. e4 c5 2. c3 d5 3. exd5 Qxd5 4. d4 Nc6 5. Nf3 Bg4 6. Be2 e6 7. h3 Bh5 8. O-O
Nf6 9. Be3 cxd4 10. cxd4 Be7 11. Nc3 Qd7 12. Qb3 O-O 13. Rfd1 Na5 14. Qa4 Qxa4
15. Nxa4 Nd5 16. Rac1 Rac8 17. Nc3 Nxc3 18. Rxc3 Rxc3 19. bxc3 b6 20. g4 Bg6
21. d5 exd5 22. Rxd5 Rd8 23. Rxd8+ Bxd8 24. Nd4 Bc7 25. Bb5 Be4 26. f3 Bd5 27.
a4 Nc4 28. Kf2 Nxe3 29. Kxe3 Bd6 30. c4 Bb7 31. Bc6 Bc8 32. Ke4 Kf8 33. f4 g6
34. Bd5 Bc5 35. Nb3 Bb4 36. Nd4 Bc5 37. Nb3 Bb4 38. Nd4 a6 39. f5 Bc3 40. Ne2
Bb4 41. Nd4 Bc5 42. Nb3 gxf5+ 43. gxf5 Bb4 44. Nd4 Kg7 45. Nc6 Bc5 46. Ne5 Kf6
47. Ng4+ Kg5 48. Bxf7 Bxf5+ 49. Kd5 Bxg4 50. hxg4 Kxg4 51. a5 Bf2 52. axb6 Bxb6
53. c5 Bd8 54. Kc4 h5 55. Kd3 h4 56. Ke2 Kf4 57. Kf2 Ke4 58. c6 Kd4 59. Kg2 Kc5
60. Be8 Kd6 61. Kh3 Kc7 62. Bd7 a5 63. Be6 Kxc6 64. Bf7 1/2-1/2

[Event "XXXIV Moglianoscacchi A"]
[Site "Mogliano Veneto ITA"]
[Date "2013.04.25"]
[Round "1"]
[White "Barp, Alberto"]
[Black "Santolini, Luigi"]
[WhiteElo "1911"]
[BlackElo "2142"]
[Result "1-0"]
[PlyCount "75"]
[EventDate "2013.04.25"]

1. d4 Nf6 2. c4 c5 3. d5 b5 4. cxb5 a6 5. bxa6 g6 6. Nc3 Bxa6 7. g3 Bg7 8. Bg2
d6 9. Nf3 O-O 10. O-O Nfd7 11. Qc2 Nb6 12. Rd1 Nc4 13. Nd2 Qa5 14. Nxc4 Bxc4
15. Qe4 Bxc3 16. bxc3 Qa4 17. Bg5 Re8 18. Rdb1 Ra7 19. Rb2 Nd7 20. Rab1 Qa6 21.
Bxe7 Bxd5 22. Qxd5 Rxe7 23. e3 Nf6 24. Qg5 Kg7 25. Rb6 Qxa2 26. Rd1 Ra6 27.
Rdxd6 Qa1+ 28. Bf1 Ne4 29. Qxe7 Rxb6 30. Rd7 Nf6 31. Qxf7+ Kh6 32. Qf8+ Kh5 33.
Qxc5+ Kh6 34. Qf8+ Kh5 35. g4+ Kg5 36. h4+ Kxg4 37. Rd4+ Kh5 38. Qc5+ 1-0

[Event "XXXIV Moglianoscacchi A"]
[Site "Mogliano Veneto ITA"]
[Date "2013.04.25"]
[Round "1"]
[White "Basso, Pier Luigi"]
[Black "Dorigo, Tommaso"]
[WhiteElo "2222"]
[BlackElo "1982"]
[Result "1-0"]
[PlyCount "51"]
[EventDate "2013.04.25"]

1. e4 Nf6 2. e5 Nd5 3. d4 d6 4. Nf3 Bg4 5. Be2 e6 6. c4 Nb6 7. Nc3 Be7 8. O-O
O-O 9. Be3 d5 10. c5 Bxf3 11. gxf3 Nc8 12. b4 Bh4 13. Bd3 Ne7 14. f4 Nf5 15.
Kh1 g6 16. Ne2 f6 17. Bxf5 exf5 18. Rg1 Kh8 19. Qf1 fxe5 20. fxe5 Rg8 21. Qh3
Nd7 22. Nf4 Nf8 23. Rg2 g5 24. Rag1 Qd7 25. Qxh4 Ne6 26. Rxg5 1-0

[Event "XXXIV Moglianoscacchi A"]
[Site "Mogliano Veneto ITA"]
[Date "2013.04.25"]
[Round "1"]
[White "Boscolo, Marco"]
[Black "Della Sala, Bruno"]
[WhiteElo "2145"]
[BlackElo "1928"]
[Result "1-0"]
[PlyCount "117"]
[EventDate "2013.04.25"]

1. d4 Nf6 2. Nf3 c5 3. d5 e6 4. Nc3 b5 5. Bg5 Bb7 6. dxe6 fxe6 7. Nxb5 Qa5+ 8.
Nc3 Be7 9. Bd2 Qc7 10. g3 O-O 11. Bg2 d5 12. O-O Nbd7 13. Ng5 Qb6 14. Na4 Qc6
15. c4 h6 16. Nh3 Ne4 17. cxd5 exd5 18. Nc3 Ndf6 19. Nf4 Qd7 20. Ng6 Rfe8 21.
Nxe4 Nxe4 22. Nxe7+ Qxe7 23. e3 Ba6 24. Re1 Rf8 25. f3 Nxd2 26. Qxd2 Rad8 27.
Rac1 d4 28. exd4 Qd6 29. d5 Qxd5 30. Qxd5+ Rxd5 31. Rc2 Bd3 32. Rd2 c4 33. f4
Rd6 34. Bf1 Rfd8 35. Red1 Kf7 36. Kf2 Ke7 37. Be2 R8d7 38. Rc1 Ra6 39. a3 Rb6
40. Rc3 a5 41. b3 Rxb3 42. Rxb3 cxb3 43. Rxd3 Rb7 44. Rd1 a4 45. Ke3 b2 46. Rb1
Rb3+ 47. Kd2 Rxa3 48. Rxb2 Ra1 49. Bc4 Kf6 50. Ra2 Rh1 51. Ke3 g5 52. fxg5+
Kxg5 53. Kf3 h5 54. h4+ Kf6 55. Rxa4 Rc1 56. Be2 Rc5 57. Rb4 Kg6 58. Rb5 Rc3+
59. Kf4 1-0

[Event "XXXIV Moglianoscacchi A"]
[Site "Mogliano Veneto ITA"]
[Date "2013.04.25"]
[Round "1"]
[White "Brunelli, Giovanni"]
[Black "Sorbera, Giovanni"]
[WhiteElo "1968"]
[BlackElo "2168"]
[Result "0-1"]
[PlyCount "90"]
[EventDate "2013.04.25"]

1. e4 c5 2. Nf3 Nc6 3. d4 cxd4 4. Nxd4 Nf6 5. Nc3 e5 6. Ndb5 d6 7. Bg5 a6 8.
Na3 b5 9. Nd5 Be7 10. Bxf6 Bxf6 11. c3 Bg5 12. Be2 O-O 13. O-O Kh8 14. Nc2 f5
15. exf5 Bxf5 16. Nce3 Be6 17. Bg4 Bg8 18. Bf3 Rb8 19. Qd3 Bxe3 20. fxe3 Qh4
21. g3 Qc4 22. Qxc4 bxc4 23. b4 Rxf3 24. Rxf3 Bxd5 25. Rf2 Be6 26. Raf1 Kg8 27.
e4 d5 28. exd5 Bxd5 29. Rd1 Ne7 30. Rfd2 Bf3 31. Rd8+ Rxd8 32. Rxd8+ Kf7 33.
Rd6 Nd5 34. Kf2 Be4 35. Rxa6 Nxc3 36. Ke3 Bd3 37. Rc6 Nd5+ 38. Kd2 Nxb4 39.
Rc7+ Ke6 40. a4 e4 41. Rxg7 Nd5 42. Rg8 c3+ 43. Kc1 e3 44. a5 e2 45. Re8+ Ne7
0-1

[Event "XXXIV Moglianoscacchi A"]
[Site "Mogliano Veneto ITA"]
[Date "2013.04.25"]
[Round "1"]
[White "Capaliku, Aleks"]
[Black "Cardarelli, Angelo"]
[WhiteElo "2157"]
[BlackElo "1957"]
[Result "0-1"]
[PlyCount "82"]
[EventDate "2013.04.25"]

1. f4 d5 2. Nf3 Nf6 3. e3 g6 4. b3 Bg7 5. Bb2 O-O 6. c4 b6 7. cxd5 Nxd5 8. Bxg7
Kxg7 9. Qc2 Kg8 10. Be2 Na6 11. a3 Nc5 12. Nc3 Bf5 13. e4 Nxc3 14. exf5 Nxe2
15. Kxe2 Qd5 16. b4 Nb3 17. Ra2 gxf5 18. Rb2 Nd4+ 19. Nxd4 Qxg2+ 20. Ke3 Qxh1
21. Nf3 Qa1 22. Qb3 Rad8 23. d4 Qc1+ 24. Rd2 Rd6 25. Qd3 Rc6 26. Qxf5 Qxa3+ 27.
Kf2 Qxb4 28. h4 Rf6 29. Qe4 Re6 30. Qf5 Kh8 31. h5 Qa5 32. d5 Qc5+ 33. Kg3 Rg8+
34. Kh4 Rf6 35. Qe4 Qd6 36. Rd4 Rh6 37. Ng5 Rxg5 38. Kxg5 Qf6+ 39. Kg4 Qg7+ 40.
Kh4 Qg6 41. Qf3 Qf6+ 0-1

[Event "XXXIV Moglianoscacchi A"]
[Site "Mogliano Veneto ITA"]
[Date "2013.04.25"]
[Round "1"]
[White "Ceschia, Ivano"]
[Black "Simonetto, Adriano"]
[WhiteElo "2272"]
[BlackElo "2019"]
[Result "1-0"]
[PlyCount "45"]
[EventDate "2013.04.25"]

1. e4 e5 2. Nf3 Nc6 3. d4 exd4 4. Nxd4 Nf6 5. Nxc6 bxc6 6. Nc3 d5 7. exd5 cxd5
8. Bb5+ Bd7 9. Bxd7+ Qxd7 10. O-O Be7 11. Bg5 Rd8 12. Bxf6 Bxf6 13. Re1+ Kf8
14. Qf3 c6 15. Na4 Qd6 16. Rad1 g6 17. Nc5 Kg7 18. Nb7 Qb4 19. Nxd8 Rxd8 20. b3
Qa3 21. c4 dxc4 22. Rxd8 Bxd8 23. bxc4 1-0

[Event "XXXIV Moglianoscacchi A"]
[Site "Mogliano Veneto ITA"]
[Date "2013.04.25"]
[Round "1"]
[White "Danieli, Enrico"]
[Black "Roberti, Ignazio"]
[WhiteElo "2129"]
[BlackElo "1902"]
[Result "1-0"]
[PlyCount "71"]
[EventDate "2013.04.25"]

1. d4 Nf6 2. Nc3 d5 3. e4 dxe4 4. f3 Bf5 5. fxe4 Bxe4 6. Nxe4 Nxe4 7. Qf3 Nd6
8. Bf4 Qc8 9. O-O-O Nd7 10. Nh3 g6 11. Ng5 h6 12. Bxd6 hxg5 13. Be5 Nxe5 14.
dxe5 g4 15. Qb3 Bh6+ 16. Kb1 O-O 17. Bd3 e6 18. h4 c5 19. Qc4 b5 20. Qxg4 c4
21. Be4 Rb8 22. Rhf1 Qe8 23. Rf6 Bg7 24. h5 Qe7 25. Qh4 Rfd8 26. Rh1 Bxf6 27.
exf6 Qd6 28. a3 Kf8 29. hxg6 Ke8 30. Qh7 Kd7 31. Qxf7+ Kc8 32. g7 c3 33. g8=Q
Rxg8 34. Qxg8+ Kc7 35. Qg7+ Kb6 36. Rh7 1-0

[Event "XXXIV Moglianoscacchi A"]
[Site "Mogliano Veneto ITA"]
[Date "2013.04.25"]
[Round "1"]
[White "Garonzi, Martino"]
[Black "Coratella, Giuseppe"]
[WhiteElo "2011"]
[BlackElo "2230"]
[Result "1-0"]
[PlyCount "79"]
[EventDate "2013.04.25"]

1. e4 e6 2. d4 d5 3. Nc3 Nf6 4. e5 Nfd7 5. f4 c5 6. Nf3 Nc6 7. Be3 Qb6 8. Qd2
a6 9. O-O-O Qa5 10. dxc5 Nxc5 11. Nd4 Bd7 12. Kb1 Rc8 13. Be2 Nxd4 14. Bxd4 b5
15. Bf3 b4 16. Ne2 Bb5 17. Nc1 Na4 18. Nb3 Qc7 19. f5 Nb6 20. Bxb6 Qxb6 21. Nd4
Bc5 22. fxe6 fxe6 23. Qg5 Rc7 24. Bh5+ g6 25. Qf6 Rf8 26. Qxe6+ Qxe6 27. Nxe6
Re7 28. Bg4 Be2 29. Bxe2 Rxe6 30. Rxd5 Be7 31. Bg4 Rb6 32. Bd7+ Kd8 33. Rhd1
Rf2 34. R5d2 Rxd2 35. Rxd2 Bg5 36. Rd3 Bf4 37. e6 Bxh2 38. Rh3 Rd6 39. a3 bxa3
40. Rxh2 1-0

[Event "XXXIV Moglianoscacchi A"]
[Site "Mogliano Veneto ITA"]
[Date "2013.04.25"]
[Round "1"]
[White "Klundt, Klaus"]
[Black "Boraso, Alessio"]
[WhiteElo "2351"]
[BlackElo "2085"]
[Result "0-1"]
[PlyCount "84"]
[EventDate "2013.04.25"]

1. e4 c5 2. Nf3 Nc6 3. d4 cxd4 4. Nxd4 e5 5. Nb5 d6 6. N1c3 a6 7. Na3 Be6 8.
Nc4 Rb8 9. Bd3 Nge7 10. O-O Ng6 11. Be3 b5 12. Nd2 Be7 13. a4 Nb4 14. Be2 d5
15. exd5 Nxd5 16. Nxd5 Bxd5 17. axb5 axb5 18. c4 Bb7 19. cxb5 Qd5 20. Nf3 Qe6
21. Ra7 O-O 22. Qa4 Nf4 23. Bxf4 exf4 24. Rxb7 Rxb7 25. Bc4 Qb6 26. Qc2 Rc7 27.
Qe4 Bf6 28. b3 Qd6 29. h3 Rb8 30. Qe2 Re7 31. Qc2 Rd8 32. Qa2 g6 33. Qa6 Kg7
34. Rc1 Qc5 35. Qc6 Qa3 36. Rf1 Rd6 37. Qc8 h5 38. h4 Qa7 39. Qh3 Bd4 40. Ng5
Bxf2+ 41. Rxf2 Rd1+ 42. Bf1 Rxf1+ 0-1

[Event "XXXIV Moglianoscacchi A"]
[Site "Mogliano Veneto ITA"]
[Date "2013.04.25"]
[Round "1"]
[White "Lodici, Lorenzo"]
[Black "Xia, Jie"]
[WhiteElo "2051"]
[BlackElo "2275"]
[Result "0-1"]
[PlyCount "144"]
[EventDate "2013.04.25"]

1. d4 Nf6 2. c4 g6 3. Nc3 Bg7 4. e4 d6 5. Nf3 O-O 6. Be2 c6 7. O-O a6 8. d5
Nbd7 9. Be3 Ng4 10. Bd4 Ngf6 11. h3 c5 12. Be3 Rb8 13. Qc2 Ne8 14. Nd2 Nc7 15.
a4 e6 16. a5 f5 17. Bf4 e5 18. Bh2 f4 19. g4 fxg3 20. fxg3 Nf6 21. g4 h5 22. g5
Nh7 23. h4 Bh3 24. Rxf8+ Nxf8 25. Qd3 Bd7 26. Na4 Na8 27. Qc3 Qc8 28. Bg3 Bg4
29. Bxg4 Qxg4 30. Qf3 Qd7 31. Kh2 Nh7 32. b3 Rf8 33. Qe3 Qd8 34. Qc3 Qd7 35.
Rf1 Rxf1 36. Nxf1 Qg4 37. Qe3 Qd1 38. Kg2 Nf8 39. Kf2 Nd7 40. Nd2 Bf8 41. Kg2
Be7 42. Be1 Bd8 43. Nf3 Qc2+ 44. Kf1 b5 45. axb6 Naxb6 46. Nxb6 Bxb6 47. Bd2
Qd1+ 48. Ne1 Qg4 49. Ng2 Qd1+ 50. Ne1 a5 51. Kf2 a4 52. bxa4 Qxa4 53. Qc3 Qd1
54. Ng2 Qb1 55. Kf3 Qf1+ 56. Kg3 Bc7 57. Qa3 Qxc4 58. Qa8+ Nf8 59. Qc6 Qb3+ 60.
Ne3 Ba5 61. Bxa5 Qxe3+ 62. Kh2 Qxe4 63. Bd8 Qxh4+ 64. Kg2 Qg4+ 65. Kf2 Qf4+ 66.
Ke1 e4 67. Qa4 Qe3+ 68. Kd1 Qd3+ 69. Ke1 e3 70. Qa2 c4 71. Bf6 Qxd5 72. Qe2
Qh1+ 0-1

[Event "XXXIV Moglianoscacchi A"]
[Site "Mogliano Veneto ITA"]
[Date "2013.04.25"]
[Round "1"]
[White "Zamengo, Fulvio"]
[Black "Solomon, Kenny"]
[WhiteElo "2099"]
[BlackElo "2406"]
[Result "0-1"]
[PlyCount "188"]
[EventDate "2013.04.25"]

1. e4 e5 2. Nf3 Nc6 3. Bb5 a6 4. Ba4 Nf6 5. O-O Be7 6. Re1 b5 7. Bb3 d6 8. c3
O-O 9. d4 Bg4 10. Qd3 Bxf3 11. gxf3 Nh5 12. Bd5 Bg5 13. Be3 Bxe3 14. fxe3 Qd7
15. Nd2 Rad8 16. Bxc6 Qxc6 17. Nf1 d5 18. exd5 Qxd5 19. Qf5 g6 20. Qxe5 Qxf3
21. Qg5 Rfe8 22. Qg2 Qf5 23. Re2 Qe6 24. Rf2 Nf6 25. a4 Nd5 26. axb5 axb5 27.
Re1 f5 28. Nd2 b4 29. Nb1 Rd7 30. Rfe2 Rde7 31. Qf3 bxc3 32. Nxc3 Nxc3 33. bxc3
Qc4 34. e4 c5 35. Kf2 cxd4 36. exf5 Rxe2+ 37. Rxe2 Rf8 38. Qe4 Rxf5+ 39. Kg2
Rg5+ 40. Kh1 Qf7 41. Qe8+ Qxe8 42. Rxe8+ Kf7 43. Rc8 dxc3 44. Rxc3 Rf5 45. Rc7+
Kg8 46. Kg2 Rf7 47. Rc6 Kg7 48. Kg3 h5 49. Kh4 Rf4+ 50. Kg3 Re4 51. Kf3 Ra4 52.
Rb6 Kh6 53. Kg3 Rg4+ 54. Kh3 Re4 55. Ra6 Kg5 56. Kg3 Re3+ 57. Kg2 Kf5 58. Ra8
Re4 59. Kf3 Rg4 60. Ra5+ Kf6 61. Rb5 Rh4 62. Rb2 Kg7 63. Kg3 Rg4+ 64. Kh3 Rf4
65. Rb5 Ra4 66. Kg3 Kf6 67. Kf3 Rc4 68. Rb2 Kg5 69. Kg3 h4+ 70. Kh3 Rc3+ 71.
Kg2 Rc4 72. Rb6 Kf5 73. Kf3 Rc5 74. Rb8 Ra5 75. Rb3 Kg5 76. Rb8 Ra2 77. Rb5+
Kh6 78. h3 g5 79. Rb8 Rh2 80. Rh8+ Kg7 81. Ra8 Rxh3+ 82. Kg4 Rg3+ 83. Kf5 h3
84. Ra5 Kf8 85. Ra2 Kg7 86. Ra7+ Kf8 87. Kf6 Ke8 88. Ke6 Kd8 89. Rh7 g4 90. Kf5
Rg2 91. Kf4 h2 92. Ke5 g3 93. Kd6 Rd2+ 94. Ke6 Rd1 0-1

[Event "XXXIV Moglianoscacchi A"]
[Site "Mogliano Veneto ITA"]
[Date "2013.04.25"]
[Round "2"]
[White "Boraso, Alessio"]
[Black "Ceschia, Ivano"]
[WhiteElo "2085"]
[BlackElo "2272"]
[Result "1-0"]
[PlyCount "101"]
[EventDate "2013.04.25"]

1. d4 Nf6 2. c4 g6 3. Nc3 d5 4. Bg5 Ne4 5. cxd5 Nxg5 6. h4 e6 7. hxg5 exd5 8.
Nf3 Bg7 9. e3 c6 10. Bd3 Bg4 11. Qb3 Qb6 12. Qc2 Na6 13. a3 Qa5 14. Ke2 Qd8 15.
Bxa6 bxa6 16. Qa4 Rc8 17. Qxa6 O-O 18. Na4 Qxg5 19. Rac1 Rfe8 20. Rhd1 Bh6 21.
Kd2 Qf6 22. Kc2 Bxf3 23. gxf3 Qxf3 24. Rd2 Qf5+ 25. Kb3 Qd7 26. Rdc2 Qf5 27.
Ka2 Bf8 28. Rxc6 Rxc6 29. Qxc6 Qe6 30. Qb7 h5 31. Nc5 Qf5 32. Nd7 Bg7 33. Qb5
Rd8 34. Nb8 Qxf2 35. Nc6 Re8 36. Ne5 Rxe5 37. dxe5 Qxe3 38. Qe8+ Kh7 39. Rf1
Qxe5 40. Qxe5 Bxe5 41. Rxf7+ Kh6 42. Rxa7 h4 43. Re7 Bf4 44. a4 h3 45. a5 h2
46. Re1 Kg5 47. a6 Bb8 48. Rh1 Kf4 49. Rxh2 g5 50. Rh8 Ba7 51. Rh7 1-0